Investigación-acción-participativa: una metodología para el desarrollo de autoayuda /
Saved in:
| Main Author: | |
|---|---|
| Corporate Author: | |
| Format: | Text |
| Series: | SERIE POLITICAS SOCIALES/CEPAL
|
| Subjects: | |
| Tags: |
Add Tag
No Tags, Be the first to tag this record!
|
MARC
| LEADER | 00000 a a2200000 04500 | ||
|---|---|---|---|
| 001 | 48414 | ||
| 003 | |||
| 040 | |||
| 090 | |a REV1291 (58) 2002 | ||
| 100 | |a Krause, Mariana | ||
| 110 | |a NACIONES UNIDAS CEPAL | ||
| 245 | |a Investigación-acción-participativa: una metodología para el desarrollo de autoayuda / |c Mariana Krause | ||
| 440 | |a SERIE POLITICAS SOCIALES/CEPAL | ||
| 650 | |a INVESTIGACION SOCIAL | ||
| 650 | |a PARTICIPACION COMUNITARIA | ||
| 650 | |a PSICOLOGIA SOCIAL | ||
| 650 | |a COMPORTAMIENTO SOCIAL | ||
| 650 | |a DINAMICA DE GRUPOS | ||
| 773 | |g número58, (2001) | ||
| 999 | |c 29856 |d 29856 | ||
